Catálogo público

Guía práctica de productos fitosanitarios / (Record no. 208275)

MARC details
000 -CABECERA
campo de control de longitud fija 00833nam a2200277Ia 4500
001 - NÚMERO DE CONTROL
campo de control Para_9604
003 - IDENTIFICADOR DEL NÚMERO DE CONTROL
campo de control CHAP
008 - DATOS DE LONGITUD FIJA--INFORMACIÓN GENERAL
campo de control de longitud fija 220125s2007 xx 000 0 und d
010 ## - NÚMERO DE CONTROL DE LA BIBLIOTECA DEL CONGRESO
Número de control de LC 208275
040 ## - FUENTE DE LA CATALOGACIÓN
Centro/agencia transcriptor CHAP
082 ## - NÚMERO DE LA CLASIFICACIÓN DECIMAL DEWEY
Número de clasificación PA 632.90294 Y12
100 ## - ENTRADA PRINCIPAL--NOMBRE DE PERSONA
Nombre de persona Yagüe González, Juan I.
9 (RLIN) 122943
245 ## - MENCIÓN DE TÍTULO
Título Guía práctica de productos fitosanitarios /
Mención de responsabilidad, etc. Juan I. Yagüe González y Ángel Yagüe Martínez de Tejeda
260 ## - PUBLICACIÓN, DISTRIBUCIÓN, ETC.
Lugar de publicación, distribución, etc. Madrid :
Nombre del editor, distribuidor, etc. Mundi Prensa
300 ## - DESCRIPCIÓN FÍSICA
Extensión 414 p.
500 ## - NOTA GENERAL
Nota general La biblioteca tiene: 2008
650 #0 - PUNTO DE ACCESO ADICIONAL DE MATERIA--TÉRMINO DE MATERIA
Término de materia o nombre geográfico como elemento de entrada Productos fitosanitarios
Subdivisión de forma Manual
9 (RLIN) 163848
700 ## - PUNTO DE ACCESO ADICIONAL--NOMBRE DE PERSONA
Nombre de persona Yagüe Martínez de Tejeda, Ángel
9 (RLIN) 163849
901 ## - ELEMENTOS DE DATOS A LOCAL LDA (RLIN)
a PA 632.90294 Y12
902 ## - ELEMENTOS DE DATOS B LOCAL, LDB (RLIN)
a M
905 ## - ELEMENTOS DE DATOS E LOCAL, LDE (RLIN)
a 5231272007 sp 8112223321spa11
910 ## - DATOS DE OPCIÓN DEL USUARIO (OCLC)
Datos de opción del usuario 2007
942 ## - ELEMENTOS DE PUNTO DE ACCESO ADICIONAL (KOHA)
Tipo de ítem Koha Parasitologia_
942 ## - ELEMENTOS DE PUNTO DE ACCESO ADICIONAL (KOHA)
Tipo de ítem Koha Parasitologia_
-- 1
Holdings
Estado de retiro Estado de pérdida Fuente del sistema de clasificación o colocación Estado dañado No para préstamo Código de colección Localización permanente Ubicación/localización actual Ubicación en estantería Fecha de adquisición Información codificada de la localización en otra ubicación Enumeración/cronología de publicación seriada Total de préstamos Código de barras Fecha visto por última vez Número de copia Precio válido a partir de Tipo de ítem Koha Nota pública
    Dewey Decimal Classification     General Parasitologia Agricola Parasitologia Agricola   28/01/2011 PARA Volumen: 2008   PA_09594 25/01/2022 1 25/01/2022 Libro 3